Statistiques concernant Plus grandes villes d'Autriche sur une carte.

Cliquez ici pour prendre le quiz!

Statistiques générales

  • Ce quiz a été pris 246 fois
    (196 depuis la dernière actualisation)
  • Le résultat moyen est 6 sur 16

Réponses sur la Carte

Les réponses sont colorées sur une échelle allant du rouge au vert en fonction du pourcentage des utilisateurs qui les ont devinées à leur premier essai. Vous pouvez retrouver ces pourcentages ci-dessous.
 

Statistiques - réponses

PopulationVille% Correct
1 911 191Vienne
100%
155 021Salzbourg
89%
131 961Innsbruck
71%
206 595Linz
66%
291 072Graz
64%
101 300Klagenfurt am Wörthersee
34%
55 514Sankt Pölten
31%
29 711Brégence
29%
62 882Villach
28%
45 823Wiener Neustadt
21%
49 872Dornbirn
20%
62 470Wels
18%
34 210Feldkirch
16%
38 056Steyr
13%
27 500Klosterneuburg
10%
28 929Leonding
7%

Distribution des résultats

Percentile par nombre de réponses

% des personnes avec chaque résultat

Votre développement - résultats

Vous n’avez pas pris ce quiz depuis la dernière actualisation